Pura Suerte - Muerte Súbita - Estadísticas

Estadísticas generales
  • Esta prueba ha sido intentada 339 veces
  • La puntuación promedio es 3 de 15
Answers on the Grid
Answers color-coded by a green-red scale on the quiz's grid according to % correct below.
🍀 ¿Pura Suerte?
🍀 ¿Pura Suerte?
🍀 ¿Pura Suerte?
🍀 ¿Pura Suerte?
🍀 ¿Pura Suerte?
🍀 ¿Pura Suerte?
🍀 ¿Pura Suerte?
🍀 ¿Pura Suerte?
🍀 ¿Pura Suerte?
🍀 ¿Pura Suerte?
🍀 ¿Pura Suerte?
🍀 ¿Pura Suerte?
🍀 ¿Pura Suerte?
🍀 ¿Pura Suerte?
🍀 ¿Pura Suerte?
🍀 ¿Pura Suerte?
🍀 ¿Pura Suerte?
🍀 ¿Pura Suerte?
🍀 ¿Pura Suerte?
🍀 ¿Pura Suerte?
 
Estadísticas de respuestas
Respuesta % Correcto
🍀 ¿Pura Suerte?
29%
🍀 ¿Pura Suerte?
27%
🍀 ¿Pura Suerte?
26%
🍀 ¿Pura Suerte?
26%
🍀 ¿Pura Suerte?
25%
🍀 ¿Pura Suerte?
25%
🍀 ¿Pura Suerte?
25%
🍀 ¿Pura Suerte?
22%
🍀 ¿Pura Suerte?
21%
🍀 ¿Pura Suerte?
21%
🍀 ¿Pura Suerte?
19%
🍀 ¿Pura Suerte?
19%
🍀 ¿Pura Suerte?
18%
🍀 ¿Pura Suerte?
18%
🍀 ¿Pura Suerte?
16%
No se encontraron pruebas coincidentes
Distribución de puntuación
Porcentaje de gente con cada puntuación
Porcentaje por número respondido
Historial de tus puntuaciones
No has intentado esta prueba.